| 000 | 00757nam a22002417a 4500 | ||
|---|---|---|---|
| 005 | 20170124110138.0 | ||
| 010 | _aA-821400 | ||
| 020 |
_c00.00 _a8122408079 |
||
| 035 | _aA-821400 | ||
| 037 | _bCen Lib/Ret | ||
| 040 |
_aDPL _bEN |
||
| 082 |
_a628.11 _bDUG |
||
| 100 |
_aDuggal, K.N. _932616 |
||
| 245 |
_aElements of water resources engineering / _cby K.N.Duggal [and] J.P.Soni |
||
| 260 |
_bNew Age International Limited Publishers _c1996 _aNew Delhi |
||
| 270 |
_a4835/24, Ansari Road, Daryaganj _bNew Delhi _e110002 |
||
| 300 |
_axv,588p. : _c22cm(Hb) _bill. |
||
| 500 | _aIncludes index | ||
| 650 |
_aWater-supply engineering _932617 |
||
| 650 |
_aDams _916893 |
||
| 700 |
_aSoni, J.P. _932618 |
||
| 942 |
_2ddc _cEN _h628.11 _mDUG |
||
| 999 |
_c131734 _d131734 |
||